[Event "Nationale I Jeune, Cannes"]
[Site "Cannes"]
[Date "1998.??.??"]
[Round "?"]
[White "Verot, Melanie"]
[Black "Onnein, Florian"]
[Result "1-0"]
[WhiteElo "2780"]
[BlackElo "2750"]
[PlyCount "121"]
[EventDate "1998.??.??"]
[Source "www.chesslib.no"]
[SourceDate "2004.05.04"]

1. d4 d5 2. c4 e6 3. Nc3 Nf6 4. Bg5 Be7 5. Nf3 h6 6. Bh4 Nc6 7. e3 O-O 8. Bd3 Nb4 9. Be2 Re8 10. a3 Nc6 11. O-O Nh7 12. Bxe7 Nxe7 13. Ne5 f6 14. Nf3 b6 15. Re1 Ba6 16. Qa4 Bb7 17. Nd2 c5 18. Bf3 Qc8 19. Qb3 Qd7 20. Qb5 Bc6 21. Qb3 Rab8 22. cxd5 exd5 23. h3 a5 24. a4 f5 25. Rec1 Kh8 26. Qc2 Nf8 27. Nb3 c4 28. Nd2 Nh7 29. b3 cxb3 30. Qxb3 Ng5 31. Be2 Qb7 32. Nb5 Qd7 33. h4 Nh7 34. Nf3 Qd8 35. Ne5 Qc8 36. Nd6 Qc7 37. Nxe8 Rxe8 38. Bb5 Kg8 39. Nxc6 Nxc6 40. Qxd5+ Kh8 41. Rxc6 Qe7 42. Qxf5 Rf8 43. Re6 Qxh4 44. Qc2 Nf6 45. f3 Qg5 46. Re5 Qg3 47. Qe2 h5 48. Qe1 Qg6 49. Qh4 Rc8 50. Qg5 Qf7 51. d5 Rd8 52. e4 Qf8 53. Rc1 Rc8 54. Rxc8 Qxc8 55. d6 Qf8 56. d7 Nxd7 57. Bxd7 Qf7 58. Re8+ Kh7 59. Bf5+ g6 60. Qxh5+ Kg7 61. Qh8# 1-0

[Event "21, Wch Moscow [i 38/556; YB 2"]
[Site "21, Wch Moscow [i 38/556; YB"]
[Date "1984.??.??"]
[Round "?"]
[White "Karpov, Anatoly"]
[Black "Kasparov, Gary"]
[Result "1/2-1/2"]
[WhiteElo "2700"]
[BlackElo "2710"]
[PlyCount "67"]
[EventDate "1984.??.??"]
[Source "www.chesslib.no"]
[SourceDate "2004.05.04"]

1. Nf3 d5 2. d4 Nf6 3. c4 e6 4. Nc3 Be7 5. Bg5 h6 6. Bxf6 Bxf6 7. Qd2 dxc4 8. e4 c5 9. d5 exd5 10. e5 Bg5 11. Qxd5 Nc6 12. Bxc4 O-O 13. O-O Qxd5 14. Bxd5 Nb4 15. Nxg5 Nxd5 16. Nxd5 hxg5 17. f4 gxf4 18. Rxf4 Rd8 19. Nc7 Rb8 20. Raf1 Rd7 21. Nb5 Re7 22. Nxa7 Bd7 23. a4 Ra8 24. Nb5 Bxb5 25. axb5 Ra5 26. b6 Rb5 27. b4 cxb4 28. Rb1 b3 29. Rf3 b2 30. Rf2 Rexe5 31. Rfxb2 Re1+ 32. Rxe1 Rxb2 33. Re8+ Kh7 34. Re7 1/2-1/2

[Event "WM Moskau  YB"]
[Site "?"]
[Date "1984.??.??"]
[Round "19"]
[White "Karpov, Anatoly"]
[Black "Kasparov, Gary"]
[Result "1/2-1/2"]
[WhiteElo "2700"]
[BlackElo "2710"]
[PlyCount "102"]
[EventDate "1984.??.??"]
[Source "www.chesslib.no"]
[SourceDate "2004.05.04"]

1. Nf3 d5 2. d4 Nf6 3. c4 e6 4. Nc3 Be7 5. Bg5 h6 6. Bxf6 Bxf6 7. Qd2 Nc6 8. e3 O-O 9. Rc1 a6 10. Be2 dxc4 11. Bxc4 e5 12. d5 Na7 13. Qc2 Nb5 14. Nxb5 axb5 15. Bb3 e4 16. Nd4 Bxd4 17. exd4 c6 18. dxc6 Qxd4 19. O-O bxc6 20. Qxc6 Bd7 21. Qd5 Qxd5 22. Bxd5 Ra6 23. Rfd1 Be6 24. a3 Bxd5 25. Rxd5 Rb8 26. Rd4 Ra4 27. Rcd1 Rc8 28. Kf1 Rc2 29. R4d2 Rxd2 30. Rxd2 Rc4 31. Ke2 b4 32. Kd1 bxa3 33. bxa3 Ra4 34. Ra2 f5 35. Kc2 f4 36. Kb3 Rd4 37. Ra1 Kf7 38. a4 e3 39. Kc3 Rd8 40. fxe3 fxe3 41. Re1 Ra8 42. Kb3 Rb8+ 43. Kc2 Ra8 44. Rf1+ Ke6 45. Rf4 Ke5 46. Rg4 Rd8 47. Rxg7 Rd2+ 48. Kc3 Rd1 49. Re7+ Kf4 50. a5 Ra1 51. Kb4 Ra2 1/2-1/2

[Event "Dortmund"]
[Site "?"]
[Date "1995.??.??"]
[Round "?"]
[White "Kramnik, Vladimir"]
[Black "Short, N."]
[Result "1-0"]
[WhiteElo "2730"]
[BlackElo "2645"]
[PlyCount "49"]
[EventDate "1995.??.??"]
[Source "ChessBase"]
[SourceDate "1995.06.01"]

1. Nf3 d5 2. d4 Nf6 3. c4 e6 4. Nc3 Be7 5. Qc2 O-O 6. Bg5 h6 7. Bxf6 Bxf6 8. Rd1 g6 9. e3 c6 10. Bd3 dxc4 11. Bxc4 Nd7 12. h4 Bg7 13. a3 Qe7 14. Ba2 b6 15. Bb1 h5 16. O-O Bb7 17. Ng5 Rfd8 18. Ba2 Nf6 19. e4 Ng4 20. e5 Rd7 21. Ne2 Rad8 22. Bxe6 fxe6 23. Qxg6 Nxe5 24. Qh7+ Kf8 25. Nf4 1-0

[Event "Dortmund"]
[Site "?"]
[Date "1995.??.??"]
[Round "?"]
[White "Kramnik, Vladimir"]
[Black "Beliavsky, Alexander G"]
[Result "1-0"]
[WhiteElo "2715"]
[BlackElo "2650"]
[PlyCount "21"]
[EventDate "1995.??.??"]
[Source "www.chesslib.no"]
[SourceDate "2004.05.04"]

1. Nf3 d5 2. d4 Nf6 3. c4 e6 4. Nc3 Be7 5. Qc2 O-O 6. Bg5 Nbd7 7. Rd1 dxc4 8. e4 Nb6 9. h4 Nfd7 10. Be2 Re8 11. Be3 1-0

[Event "Madrid"]
[Site "?"]
[Date "1995.??.??"]
[Round "?"]
[White "Yusupov, A."]
[Black "Short, N."]
[Result "1/2-1/2"]
[WhiteElo "2660"]
[BlackElo "2655"]
[PlyCount "54"]
[EventDate "1995.??.??"]
[Source "ChessBase"]
[SourceDate "1995.02.01"]

1. d4 d5 2. c4 e6 3. Nc3 Be7 4. Nf3 Nf6 5. Bg5 h6 6. Bh4 O-O 7. Rc1 b6 8. cxd5 Nxd5 9. Nxd5 exd5 10. Bxe7 Qxe7 11. g3 Re8 12. Bg2 Ba6 13. e3 c5 14. Qa4 Rc8 15. Ne5 Qe6 16. Rc3 cxd4 17. Qxd4 Nd7 18. Bxd5 Qxe5 19. Bxa8 Rxa8 20. Qxd7 Qe4 21. Rg1 Qb1+ 22. Qd1 Qxb2 23. Qd2 Qa1+ 24. Rc1 Qf6 25. Qd4 Qf3 26. Qd1 Qf6 27. Qd4 Qf3 1/2-1/2

[Event "Gothenburg"]
[Site "Gothenburg"]
[Date "1971.??.??"]
[Round "7"]
[White "Hort, Vlastimil"]
[Black "Spassky, Boris V"]
[Result "1/2-1/2"]
[WhiteElo "2605"]
[BlackElo "2690"]
[PlyCount "37"]
[EventDate "1971.07.??"]
[Source "ChessBase"]

1. d4 d5 2. c4 e6 3. Nc3 Be7 4. Nf3 Nf6 5. Bg5 O-O 6. Rc1 h6 7. Bh4 b6 8. cxd5 Nxd5 9. Nxd5 exd5 10. Bxe7 Qxe7 11. g3 Bb7 12. Bg2 c5 13. O-O c4 14. Ne5 b5 15. b3 Nd7 16. Nxd7 Qxd7 17. bxc4 bxc4 18. Qd2 Qa4 19. Qc2 1/2-1/2

[Event "El Escorial"]
[Site "El Escorial"]
[Date "1993.??.??"]
[Round "3"]
[White "Timman, Jan Hein"]
[Black "Short, Nigel D"]
[Result "0-1"]
[WhiteElo "2635"]
[BlackElo "2655"]
[PlyCount "40"]
[EventDate "1993.??.??"]
[Source "www.chesslib.no"]
[SourceDate "2004.05.04"]

1. d4 d5 2. c4 e6 3. Nc3 Nf6 4. Bg5 Be7 5. e3 h6 6. Bh4 b6 7. Be2 Bb7 8. Bxf6 Bxf6 9. cxd5 exd5 10. b4 c6 11. Qb3 a5 12. b5 c5 13. dxc5 bxc5 14. Rc1 Bxc3+ 15. Qxc3 Nd7 16. Bf1 Rc8 17. h3 Nf6 18. a4 Ne4 19. Qa1 Ng5 20. Nf3 Nxf3+ 0-1

[Event "Reykjavik"]
[Site "?"]
[Date "1991.??.??"]
[Round "?"]
[White "Nikolic, P."]
[Black "Andersson"]
[Result "1/2-1/2"]
[WhiteElo "2625"]
[BlackElo "2625"]
[PlyCount "45"]
[EventDate "1991.??.??"]
[Source "www.chesslib.no"]
[SourceDate "2004.05.04"]

1. c4 e6 2. Nc3 d5 3. d4 Nf6 4. Bg5 Be7 5. e3 h6 6. Bh4 O-O 7. Bd3 dxc4 8. Bxc4 c5 9. Nf3 a6 10. dxc5 Qxd1+ 11. Rxd1 Bxc5 12. Ne5 b5 13. Be2 Bb7 14. Bf3 Ra7 15. Ke2 Rc8 16. Rd3 Bxf3+ 17. gxf3 Be7 18. Rhd1 Nc6 19. Nxc6 Rxc6 20. Bg3 Kf8 21. Be5 Ke8 22. Ne4 Ra8 23. Nc3 1/2-1/2

[Event "Flamenco Veterans-Women"]
[Site "Marbella"]
[Date "1999.10.23"]
[Round "3"]
[White "Kortschnoj, Viktor"]
[Black "Chiburdanidze, Maia"]
[Result "1/2-1/2"]
[WhiteElo "2676"]
[BlackElo "2551"]
[PlyCount "298"]
[EventDate "1999.10.21"]
[Source "ChessBase"]
[SourceDate "2000.02.01"]

1. d4 Nf6 2. c4 e6 3. Nc3 d5 4. Bg5 Be7 5. e3 O-O 6. Qc2 h6 7. Bh4 c5 8. dxc5 dxc4 9. Bxc4 Qa5 10. Nf3 Qxc5 11. Bd3 Nc6 12. a3 Bd7 13. Rd1 Rfd8 14. b4 Qh5 15. h3 Ne5 16. Nxe5 Qxh4 17. Nf3 Qh5 18. Rh2 Bc6 19. g4 Nxg4 20. hxg4 Qxg4 21. Bh7+ Kf8 22. Rxd8+ Rxd8 23. Be4 Bxe4 24. Qxe4 Qxe4 25. Nxe4 Rd3 26. Ke2 Rxa3 27. b5 Ra5 28. Nd4 e5 29. Nf5 Rxb5 30. Rh1 g6 31. Nxe7 Kxe7 32. Rxh6 Rb2+ 33. Kd3 a5 34. Rh8 b5 35. Ra8 f5 36. Ra7+ Ke6 37. Ng5+ Kd5 38. Rxa5 e4+ 39. Kc3 Rxf2 40. Rxb5+ Kc6 41. Ra5 f4 42. Nh3 Rf3 43. Nxf4 Rxe3+ 44. Kd4 Re1 45. Nd5 Rd1+ 46. Kxe4 Re1+ 47. Ne3 Rg1 48. Kd4 Kd7 49. Ra6 Ke7 50. Ke4 Kf7 51. Kf4 Rb1 52. Ke5 Rb5+ 53. Nd5 Kg7 54. Ra1 Rb7 55. Ke6 Rf7 56. Ra2 Rf1 57. Ra7+ Kh6 58. Ke5 Re1+ 59. Kf4 Rf1+ 60. Ke4 Rb1 61. Ra6 Re1+ 62. Ne3 Rb1 63. Ng4+ Kh5 64. Ne5 Re1+ 65. Kd4 Rd1+ 66. Kc3 Rg1 67. Kd3 Kh6 68. Ke2 Kg7 69. Kf2 Rg5 70. Ra7+ Kf6 71. Nd7+ Kg7 72. Nc5+ Kh6 73. Ne6 Rf5+ 74. Kg3 Rf1 75. Ra2 Rg1+ 76. Kf3 Rf1+ 77. Ke4 Rf5 78. Nf4 Rb5 79. Rg2 Rb6 80. Ke5 Kg7 81. Ne6+ Kf7 82. Rf2+ Ke7 83. Nc7 Rb1 84. Nd5+ Ke8 85. Kd6 Rd1 86. Rf6 g5 87. Rf5 g4 88. Rg5 Rg1 89. Nf6+ Kf7 90. Nxg4 Rd1+ 91. Ke5 Re1+ 92. Kf5 Rf1+ 93. Ke4 Re1+ 94. Ne3 Kf6 95. Ra5 Rb1 96. Ng4+ Kg6 97. Ne5+ Kf6 98. Ra6+ Ke7 99. Nc6+ Kf7 100. Nd4 Re1+ 101. Kf4 Rf1+ 102. Nf3 Ke7 103. Ke4 Rb1 104. Ke5 Rb5+ 105. Kf4 Rb4+ 106. Kf5 Rb1 107. Ng5 Rb5+ 108. Kf4 Kd7 109. Ne4 Kc7 110. Rh6 Rb6 111. Rh7+ Kc6 112. Ke5 Rb5+ 113. Ke6 Rb1 114. Rh5 Re1 115. Rc5+ Kb6 116. Rc4 Kb5 117. Rd4 Rh1 118. Nd6+ Kb6 119. Rc4 Rh6+ 120. K 5 Rh5+ 121. Kd4 Rh4+ 122. Ne4 Kb5 123. Rc1 Kb6 124. Kd5 Rh5+ 125. Ke6 Rh6+ 126. Nf6 Kb5 127. Ke5 Rh2 128. Ne4 Rh5+ 129. Kd4 Kb6 130. Nf6 Rh4+ 131. Kd5 Rh6 132. Nd7+ Kb7 133. Nc5+ Kc7 134. Ne6+ Kb6 135. Rb1+ Ka5 136. Kc5 Rh5+ 137. Kc4 Rh4+ 138. Nd4 Ka6 139. Kc5 Rh5+ 140. Kd6 Rh6+ 141. Ne6 Ka5 142. Rb8 Ka4 143. Kd5 Ka3 144. Nd4 Rh5+ 145. Kc4 Rh4 146. Kc3 Rh3+ 147. Kd2 Rh2+ 148. Ne2 Ka4 149. Kd3 Ka5 1/2-1/2

[Event "34. TCh-GRE"]
[Site "?"]
[Date "2005.07.04"]
[Round "1"]
[White "Izoria Zviad"]
[Black "Asrian Karen"]
[Result "1/2-1/2"]
[WhiteElo "2606"]
[BlackElo "2611"]
[PlyCount "54"]
[EventDate "2005.??.??"]
[Source "www.chesslib.no"]
[SourceDate "2004.05.04"]

1. d4 d5 2. c4 e6 3. Nf3 Nf6 4. Nc3 Be7 5. Bg5 h6 6. Bh4 O-O 7. Rc1 dxc4 8. e3 c5 9. Bxc4 cxd4 10. Nxd4 a6 11. Be2 Bd7 12. O-O Nc6 13. Bf3 Rc8 14. Nb3 Nd5 15. Bxe7 Ndxe7 16. Nc5 Rc7 17. Be2 Bc8 18. Qxd8 Rxd8 19. Rfd1 Kf8 20. N5a4 Rxd1+ 21. Rxd1 Bd7 22. Nb6 Be8 23. f4 Nc8 24. Nxc8 Rxc8 25. Kf2 Ke7 26. e4 f6 27. Ke3 Rd8 1/2-1/2

[Event "Cup team"]
[Site "Kislovodsk"]
[Date "1982.??.??"]
[Round "?"]
[White "Polugaevsky, Lev A"]
[Black "Beliavsky, Alexander G"]
[Result "1/2-1/2"]
[WhiteElo "2600"]
[BlackElo "2615"]
[PlyCount "53"]
[EventDate "1982.??.??"]
[Source "www.chesslib.no"]
[SourceDate "2004.05.04"]

1. d4 d5 2. Nf3 Nf6 3. c4 e6 4. Nc3 Be7 5. Bg5 h6 6. Bxf6 Bxf6 7. Qd2 Nc6 8. e3 O-O 9. Rc1 a6 10. Be2 g6 11. O-O Bg7 12. Rfd1 b6 13. cxd5 exd5 14. Ne1 Bb7 15. Nd3 Qd6 16. Bf3 Ne7 17. b4 c6 18. a4 Rad8 19. g3 Nf5 20. Bg2 Qe7 21. b5 axb5 22. axb5 c5 23. Nf4 cxd4 24. Ncxd5 Qd6 25. e4 Ne7 26. Nxe7+ Qxe7 27. Nd5 1/2-1/2

[Event "URS-ch55"]
[Site "Moscow"]
[Date "1988.??.??"]
[Round "?"]
[White "Kharitonov, Andrei Y"]
[Black "Beliavsky, Alexander G"]
[Result "0-1"]
[WhiteElo "2550"]
[BlackElo "2665"]
[PlyCount "78"]
[EventDate "1988.07.??"]
[Source "ChessBase"]

1. d4 Nf6 2. Nf3 e6 3. c4 d5 4. Nc3 Be7 5. Bg5 h6 6. Bh4 O-O 7. Rc1 dxc4 8. e3 c5 9. Bxc4 cxd4 10. Nxd4 Bd7 11. O-O Nc6 12. Nf3 Qb6 13. Na4 Qc7 14. Be2 Rfd8 15. a3 Be8 16. Qc2 Rac8 17. b4 Qb8 18. Qb3 Ne4 19. Bxe7 Nxe7 20. b5 Nd5 21. Bc4 Ndf6 22. Nc3 Nc5 23. Qb1 Qc7 24. Ne2 Qa5 25. Qb4 Qxb4 26. axb4 Nce4 27. Ned4 Kh8 28. Bd3 Nc3 29. Ra1 Rd5 30. Rxa7 e5 31. Bf5 Rcd8 32. Nc2 Bxb5 33. Re1 g6 34. Bh3 Ba6 35. e4 Rd1 36. Nxe5 Rxe1+ 37. Nxe1 Rd1 38. N5f3 Nfxe4 39. g3 Ng5 0-1

[Event "Buenos Aires Najdorf"]
[Site "Buenos Aires"]
[Date "1993.??.??"]
[Round "9"]
[White "Larsen, Bent"]
[Black "Shirov, Alexei"]
[Result "1/2-1/2"]
[WhiteElo "2540"]
[BlackElo "2670"]
[PlyCount "189"]
[EventDate "1993.04.??"]
[Source "ChessBase"]

1. c4 e6 2. Nc3 d5 3. d4 Nf6 4. Bg5 Be7 5. e3 h6 6. Bf4 O-O 7. Nf3 c5 8. dxc5 Bxc5 9. cxd5 Nxd5 10. Nxd5 exd5 11. a3 Nc6 12. Rc1 Be7 13. Bd3 Bf6 14. Rc2 Be6 15. O-O d4 16. Rd2 dxe3 17. Bxe3 Qc7 18. Qa4 Ne5 19. Nxe5 Bxe5 20. Rc2 Qb8 21. f4 Rd8 22. Be4 Bf6 23. Qb5 Qd6 24. Rd2 Qxd2 25. Bxd2 Rxd2 26. b4 Rb8 27. h3 Rd4 28. Re1 Bd7 29. Qf1 b6 30. Bd3 Rd8 31. Be2 Ba4 32. Rc1 Re4 33. b5 Bd4+ 34. Kh1 Bc5 35. Ra1 Rdd4 36. Bf3 Rxf4 37. Re1 g6 38. Qe2 Rf6 39. Qe8+ Kg7 40. Qa8 Bxb5 41. Qxa7 Rxf3 42. gxf3 Bc6 43. Rf1 Rd3 44. Kg2 Rd2+ 45. Kh1 Rd3 46. Kg2 Rxa3 47. Qc7 Ba8 48. Qe5+ Kh7 49. Qf6 Bd5 50. Qe5 Rd3 51. Qe2 Re3 52. Qd2 Bc4 53. Re1 Ra3 54. Qd8 Rd3 55. Qf6 Bd4 56. Qc6 b5 57. Re4 Rd2+ 58. Kh1 Rd1+ 59. Kg2 Rd2+ 60. Kh1 Rd1+ 61. Kg2 Bf1+ 62. Kg3 Rd2 63. Qc7 Bc4 64. Re7 Kg7 65. Re4 Bf2+ 66. Kg4 h5+ 67. Kf4 Rd5 68. Re5 h4 69. Kg5 Rd1 70. Re4 Rd5+ 71. Re5 Rd1 72. Re4 Rg1+ 73. Rg4 Bg3 74. Qb6 Rd1 75. Qf6+ Kh7 76. Rxc4 Rd5+ 77. Kg4 Rf5 78. Rc6 Rxf6 79. Rxf6 Kg7 80. Rb6 Kh6 81. f4 f5+ 82. Kf3 Kg7 83. Ke3 Kf7 84. Rxb5 Kf6 85. Rb1 Kf7 86. Rf1 Ke6 87. Kd4 Bh2 88. Re1+ Kf6 89. Ke3 Bg3 90. Rc1 Ke6 91. Rc6+ Kf7 92. Rc7+ Ke6 93. Rg7 Kf6 94. Rh7 Ke6 95. Rg7 1/2-1/2

[Event "EU-ch 2nd"]
[Site "Ohrid"]
[Date "2001.06.09"]
[Round "8"]
[White "Kacheishvili, Giorgi"]
[Black "Dautov, Rustem"]
[Result "1/2-1/2"]
[WhiteElo "2570"]
[BlackElo "2631"]
[PlyCount "140"]
[EventDate "2001.06.01"]
[Source "ChessBase"]
[SourceDate "2001.09.13"]

1. d4 d5 2. c4 e6 3. Nf3 Nf6 4. Nc3 Be7 5. Bg5 O-O 6. Rc1 h6 7. Bh4 dxc4 8. e4 Nc6 9. e5 Nd5 10. Bxe7 Ncxe7 11. Bxc4 b6 12. Ne4 Bb7 13. O-O Nf5 14. a3 Nde3 15. fxe3 Bxe4 16. Qe2 c5 17. Nd2 Bb7 18. dxc5 Qg5 19. c6 Bxc6 20. Bxe6 Ne7 21. Ba2 Qxe5 22. Nf3 Qh5 23. e4 Bb5 24. Bc4 Bxc4 25. Rxc4 Ng6 26. e5 Qf5 27. Re4 Nf4 28. Qc4 g5 29. Rfe1 Rac8 30. Qf1 Rfd8 31. Nd4 Qg4 32. Kh1 Qd7 33. e6 fxe6 34. Nxe6 Nxe6 35. Rxe6 Rf8 36. Qe2 Rc6 37. Re7 Qd5 38. h3 a5 39. Rd1 Qf5 40. Red7 Qe6 41. Qd3 Qf5 42. Qd4 Qf6 43. Qe4 Qg6 44. Qd5+ Qe6 45. Qd2 Qc4 46. Rd8 Rcf6 47. Rxf8+ Rxf8 48. Qe1 Qc6 49. Qe2 Rf7 50. Qe5 Qf6 51. Qb5 Kg7 52. b4 axb4 53. Qxb4 Re7 54. a4 Rf7 55. Qb5 Re7 56. Rf1 Qe6 57. Qb2+ Kh7 58. Rf6 Qe1+ 59. Kh2 Qe5+ 60. Qxe5 Rxe5 61. Rxb6 Re3 62. Rb4 Ra3 63. h4 gxh4 64. Rxh4 Kg6 65. Rb4 h5 66. Rb6+ Kg7 67. Ra6 h4 68. a5 Kh7 69. Ra8 Kg7 70. a6 Kh7 1/2-1/2

[Event "Elista ol (Men)"]
[Site "Elista"]
[Date "1998.09.30"]
[Round "2"]
[White "Miladinovic, Igor"]
[Black "Jussupow, Artur"]
[Result "1/2-1/2"]
[WhiteElo "2555"]
[BlackElo "2640"]
[PlyCount "25"]
[EventDate "1998.09.29"]
[Source "ChessBase"]
[SourceDate "1998.11.06"]

1. d4 e6 2. Nf3 Nf6 3. c4 d5 4. Nc3 Be7 5. Bg5 h6 6. Bh4 O-O 7. cxd5 Nxd5 8. Bxe7 Qxe7 9. g3 Nxc3 10. bxc3 c5 11. Bg2 Nc6 12. O-O Rd8 13. Qa4 1/2-1/2

[Event "RUS"]
[Site "?"]
[Date "2006.04.27"]
[Round "8"]
[White "Volkov Sergey Viktorovich"]
[Black "Bezgodov Alexei"]
[Result "1-0"]
[WhiteElo "2620"]
[BlackElo "2554"]
[PlyCount "97"]
[EventDate "2006.??.??"]
[Source "www.chesslib.no"]
[SourceDate "2004.05.04"]

1. d4 d5 2. c4 e6 3. Nc3 Be7 4. Nf3 Nf6 5. Bg5 h6 6. Bxf6 Bxf6 7. Qb3 c5 8. dxc5 dxc4 9. Qxc4 O-O 10. g3 Na6 11. Nd2 Qd4 12. Nce4 Qxb2 13. Rb1 Qe5 14. f4 Qf5 15. Bg2 Rd8 16. Nb3 Rb8 17. O-O b5 18. Qc1 Be7 19. Na5 Bd7 20. c6 Rbc8 21. Rd1 b4 22. Nb7 Rxc6 23. Qb2 Rc7 24. Nxd8 Bxd8 25. Qe5 Be7 26. Rbc1 Rxc1 27. Rxc1 f6 28. Qxf5 exf5 29. Nf2 Nc5 30. Nd3 Nxd3 31. Bd5+ Kf8 32. exd3 Bd6 33. Kf2 Ke7 34. d4 g5 35. Kf3 a5 36. Bc6 a4 37. Bxd7 Kxd7 38. d5 h5 39. Rc6 a3 40. Rc4 Be7 41. Ke3 Bd6 42. Kd3 Be7 43. Rc1 Bd6 44. Rf1 gxf4 45. gxf4 b3 46. axb3 a2 47. Ra1 Bxf4 48. Rxa2 Bc7 49. Rf2 1-0